000 00379cam a2200145ua 4500
041 _amal
_h
082 _a894.8122
_bMAM/PO
100 _aWarerkar, Mama .
245 _aPoorva Bengal /
_cMama Warerkar.
_hTextual Documents
260 _aKottayam :
_bSahitya Pravarthaka Co-operative Society ,
_c1956.
300 _a129 ; .
504 _a
942 _cBK
999 _c11730
_d11730